Online katalóg knižníc regiónu Turca

Básne (Record no. 21195)

MARC details
000 -LEADER
fixed length control field 01087nam a2200325 a 4500
001 - CONTROL NUMBER
control field 21195
003 - CONTROL NUMBER IDENTIFIER
control field VRT
005 - DATE AND TIME OF LATEST TRANSACTION
control field 20260224143713.0
008 - FIXED-LENGTH DATA ELEMENTS--GENERAL INFORMATION
fixed length control field 140401s1951 xo 000 0 slo d
035 ## - SYSTEM CONTROL NUMBER
System control number a000501195
039 #9 - LEVEL OF BIBLIOGRAPHIC CONTROL AND CODING DETAIL [OBSOLETE]
Level of rules in bibliographic description 202507071529
Level of effort used to assign nonsubject heading access points AUTHORITY
Level of effort used to assign subject headings 202505131519
Level of effort used to assign classification AUTHORITY
Level of effort used to assign subject headings 201901160939
Level of effort used to assign classification AUTHORITY
040 ## - CATALOGING SOURCE
Original cataloging agency UKB
Language of cataloging slo
Transcribing agency UKB
Description conventions AACR2
041 1# - LANGUAGE CODE
Language code of text/sound track or separate title slo
Language code of original rus
044 ## - COUNTRY OF PUBLISHING/PRODUCING ENTITY CODE
MARC country code xo
ISO country code SK
100 1# - MAIN ENTRY--PERSONAL NAME
Personal name Majakovskij, Vladimir Vladimirovič,
Dates associated with a name 1893-1930
245 10 - TITLE STATEMENT
Title Básne
Remainder of title výbor básní
Statement of responsibility, etc. Vladimír Vladimírovič Majakovskij ; preložili: Rudolf Fabry, Miroslav Neman, Ivan Kupec, Zora Jesenská a Milan Lajčiak
260 ## - PUBLICATION, DISTRIBUTION, ETC.
Place of publication, distribution, etc. Bratislava
Name of publisher, distributor, etc. Nakladateľstvo Pravda
Date of publication, distribution, etc. 1951
300 ## - PHYSICAL DESCRIPTION
Extent 227, [6] s.
490 1# - SERIES STATEMENT
Series statement Poézia
700 1# - ADDED ENTRY--PERSONAL NAME
Personal name Fabry, Rudolf
Relationship trl
700 1# - ADDED ENTRY--PERSONAL NAME
Personal name Neman, Miroslav
Relationship trl
700 1# - ADDED ENTRY--PERSONAL NAME
Personal name Kupec, Ivan,
Dates associated with a name 1922-1997
Relationship trl
700 1# - ADDED ENTRY--PERSONAL NAME
Personal name Jesenská, Zora
Relationship trl
700 1# - ADDED ENTRY--PERSONAL NAME
Personal name Lajčiak, Milan,
Dates associated with a name 1926-1987
Relationship trl
830 #0 - SERIES ADDED ENTRY--UNIFORM TITLE
Uniform title Poézia
910 ## - USER-OPTION DATA (OCLC)
User-option data ukb
942 ## - ADDED ENTRY ELEMENTS (KOHA)
Source of classification or shelving scheme Dewey Decimal Classification
Koha item type Krásna literatúra pre dospelých
Suppress in OPAC No
949 ## - LOCAL PROCESSING INFORMATION (OCLC)
6 1800604757
a S.E.04092
b N.80-64
949 ## - LOCAL PROCESSING INFORMATION (OCLC)
6 1800588635
a 20.E.01809
b PV.B.2280-51
Holdings
Stav vyradenia Strata Poškodenie Spôsob nadobudnutia Domovská knižnica Aktuálna knižnica Dátum nadobudnutia Total checkouts Čiarový kód exemplára Date last seen Typ exemplára
      Dar Obecná knižnica Horná Štubňa Obecná knižnica Horná Štubňa 24.02.2026   4736201469 24.02.2026 Krásna literatúra pre dospelých
Projekt je podporený Slovenskou asociáciou knižníc
Prevádzkuje Turčianska knižnica Martin 2026